[Event "CRO-ch U15 Girls"]
[Site "Trogir"]
[Date "2020.08.29"]
[Round "9"]
[White "Vidovic, Petra"]
[Black "Arnold, Dora"]
[Result "1-0"]
[WhiteElo "1537"]
[BlackElo "1595"]
[PlyCount "73"]
[EventDate "2020.08.24"]
[EventType "swiss"]
[EventRounds "9"]
[EventCountry "CRO"]
[SourceTitle "CBM 198 Extra"]
[Source "ChessBase"]
[SourceDate "2020.11.30"]
[SourceVersion "1"]
[SourceVersionDate "2020.11.30"]
[SourceQuality "1"]

1. e4 e5 2. Nf3 Nc6 3. d4 exd4 4. Bc4 Bc5 5. c3 d3 6. b4 Bb6 7. a4 a6 8. Qxd3 h6 9. 0-0 Nge7 10. Bb3 0-0 11. Bb2 d6 12. b5 axb5 13. axb5 Rxa1 14. Bxa1 Nb8 15. c4 Nd7 16. Qc3 Nf6 17. Nbd2 Ng6 18. Re1 Re8 19. Bc2 Bg4 20. h3 Bxf3 21. Nxf3 Ne5 22. Nxe5 dxe5 23. c5 Ba7 24. Bb2 Qe7 25. Ba3 Qd7 26. Qa5 Bb8 27. Rd1 Qe6 28. Qb4 Ba7 29. Qa4 Bb8 30. Bb3 Qc8 31. Bb2 Nd7 32. Qc4 Re7 33. Ba3 Ba7 34. Ba2 Kh7 35. Rd3 f6 36. c6 Nb6 37. cxb7 1-0

[Event "CRO-ch U15 Girls"]
[Site "Trogir"]
[Date "2020.08.25"]
[Round "3"]
[White "Vidovic, Petra"]
[Black "Kolovrat, Ana"]
[Result "1-0"]
[WhiteElo "1537"]
[BlackElo "1210"]
[PlyCount "135"]
[EventDate "2020.08.24"]
[EventType "swiss"]
[EventRounds "9"]
[EventCountry "CRO"]
[SourceTitle "CBM 198 Extra"]
[Source "ChessBase"]
[SourceDate "2020.11.30"]
[SourceVersion "1"]
[SourceVersionDate "2020.11.30"]
[SourceQuality "1"]

1. e4 e5 2. Nf3 Nc6 3. d4 exd4 4. Bc4 Bc5 5. c3 d3 6. Qxd3 d6 7. Bb3 Nf6 8. Bg5 h6 9. Be3 Bxe3 10. Qxe3 Be6 11. Bc2 Qd7 12. Nbd2 a6 13. a3 0-0-0 14. Ba4 Kb8 15. c4 Ng4 16. Qc3 Nge5 17. 0-0 Nxf3+ 18. Nxf3 f6 19. Nd4 Nxd4 20. Bxd7 Ne2+ 21. Kh1 Nxc3 22. Bxe6 Nxe4 23. Bd5 Rhe8 24. g3 Nc5 25. Bf3 Ne4 26. Rad1 Re5 27. b4 Ng5 28. Bd5 Rde8 29. f4 Re3 30. fxg5 hxg5 31. Ra1 Rh8 32. Rg1 c6 33. Bf7 Re7 34. Bg6 Rh6 35. Bd3 Re3 36. Rad1 Kc7 37. a4 b6 38. Kg2 Rh8 39. Rge1 Rhe8 40. Rxe3 Rxe3 41. Kf2 Re5 42. Re1 Rxe1 43. Kxe1 a5 44. b5 cxb5 45. cxb5 d5 46. Kd2 Kd6 47. Kc3 Ke5 48. Bg6 f5 49. Kd3 f4 50. Bh5 Kf5 51. Bf3 Ke5 52. g4 g6 53. Bg2 d4 54. Be4 Ke6 55. Bxg6 Kd5 56. Bf7+ Kc5 57. Bb3 Kb4 58. Bc2 f3 59. Bd1 f2 60. Ke2 Kc3 61. Kxf2 Kd2 62. Bf3 d3 63. h4 gxh4 64. g5 Kc1 65. g6 d2 66. g7 d1Q 67. Bxd1 Kxd1 68. g8Q 1-0

[Event "Valpovo op (Women) 22nd"]
[Site "Valpovo"]
[Date "2019.12.15"]
[Round "7.3"]
[White "Vidovic, Petra"]
[Black "Djukic, Sandra"]
[Result "0-1"]
[WhiteElo "1518"]
[BlackElo "2151"]
[PlyCount "52"]
[EventDate "2019.12.13"]
[EventType "swiss (rapid)"]
[EventRounds "7"]
[EventCountry "CRO"]
[SourceTitle "EXT 2023"]
[Source "ChessBase"]
[SourceDate "2022.10.05"]
[SourceVersion "1"]
[SourceVersionDate "2022.10.05"]
[SourceQuality "1"]

1. e4 c5 2. Nf3 Nc6 3. d4 cxd4 4. Nxd4 Qc7 5. Nc3 e6 6. a3 a6 7. Be3 Nf6 8. f3 Be7 9. Qd2 b5 10. Be2 Bb7 11. 0-0 0-0 12. a4 b4 13. Nd1 Ne5 14. c3 d5 15. exd5 Nxd5 16. cxb4 Bxb4 17. Qc2 Qe7 18. Bf2 Rac8 19. Qb1 Rfd8 20. Nc2 Nf4 21. Nd4 Rxd4 22. Bxd4 Nxe2+ 23. Kh1 Nxd4 24. f4 Ng4 25. Qd3 Qh4 26. h3 Nf5 0-1

[Event "CRO-chT2 (Women)"]
[Site "Osijek"]
[Date "2019.11.24"]
[Round "3.3"]
[White "Vidovic, Petra"]
[Black "Plazek, Lana"]
[Result "1-0"]
[WhiteElo "1514"]
[BlackElo "1320"]
[PlyCount "53"]
[EventDate "2019.11.23"]
[EventType "team-tourn"]
[EventRounds "3"]
[EventCountry "CRO"]
[SourceTitle "EXT 2021"]
[Source "ChessBase"]
[SourceDate "2020.10.23"]
[SourceVersion "1"]
[SourceVersionDate "2020.10.23"]
[SourceQuality "1"]
[WhiteTeam "Velimirovac Radnik (W)"]
[BlackTeam "Djurdjevac Picok (W)"]
[WhiteTeamCountry "CRO"]
[BlackTeamCountry "CRO"]

1. e4 e5 2. Nf3 Nc6 3. d4 exd4 4. Nxd4 Bc5 5. Nb3 Bb6 6. Nc3 Nf6 7. Qe2 0-0 8. Be3 Re8 9. f3 d6 10. 0-0-0 Qe7 11. g4 Be6 12. g5 Nd7 13. h4 Nde5 14. Nd2 Rad8 15. Bxb6 axb6 16. Qf2 Nd7 17. Be2 Nc5 18. f4 Bc8 19. Rhg1 g6 20. Nd5 Qe6 21. Bc4 Nxe4 22. Nxe4 Qxe4 23. Nf6+ Kf8 24. Nxe4 Rxe4 25. Bd5 Re7 26. Bxc6 bxc6 27. Qd4 1-0

[Event "CRO-ch U15 Girls"]
[Site "Trogir"]
[Date "2019.06.21"]
[Round "8"]
[White "Arnold, Dora"]
[Black "Vidovic, Petra"]
[Result "1-0"]
[WhiteElo "1506"]
[BlackElo "1477"]
[PlyCount "85"]
[EventDate "2019.06.17"]
[EventType "swiss"]
[EventRounds "9"]
[EventCountry "CRO"]
[SourceTitle "EXT 2020"]
[Source "ChessBase"]
[SourceDate "2019.10.17"]
[SourceVersion "1"]
[SourceVersionDate "2019.10.17"]
[SourceQuality "1"]

1. e4 e5 2. Nf3 Nc6 3. Bc4 Bc5 4. c3 d6 5. h3 Nge7 6. d3 0-0 7. Nbd2 h6 8. 0-0 Kh8 9. Re1 f5 10. Nf1 fxe4 11. dxe4 Ng6 12. Ne3 Nf4 13. Nd5 Nxd5 14. Bxd5 Ne7 15. Be3 Bb6 16. Qd2 Bxe3 17. Rxe3 Ng6 18. Rd1 Nf4 19. Nh2 Qf6 20. Rf3 Qg6 21. Rg3 Qf6 22. Ng4 Bxg4 23. hxg4 Nxd5 24. exd5 Qf4 25. g5 Qxd2 26. Rxd2 hxg5 27. Rxg5 Rf6 28. Rh5+ Rh6 29. Rxh6+ gxh6 30. Re2 Rf8 31. Re4 Rf4 32. Rxf4 exf4 33. Kh2 Kg7 34. Kh3 h5 35. g4 fxg3 36. fxg3 Kg6 37. Kh4 Kh6 38. c4 a5 39. b3 c6 40. c5 Kg6 41. cxd6 Kf6 42. dxc6 bxc6 43. Kxh5 1-0

[Event "CRO-ch U13 Girls"]
[Site "Trogir"]
[Date "2018.06.18"]
[Round "5"]
[White "Vidovic, Petra"]
[Black "Arnold, Dora"]
[Result "0-1"]
[WhiteElo "1444"]
[BlackElo "1427"]
[PlyCount "68"]
[EventDate "2018.06.16"]
[EventType "swiss"]
[EventRounds "9"]
[EventCountry "CRO"]
[SourceTitle "EXT 2019"]
[Source "ChessBase"]
[SourceDate "2018.10.10"]
[SourceVersion "1"]
[SourceVersionDate "2018.10.10"]
[SourceQuality "1"]

1. e4 e5 2. Nf3 Nc6 3. d4 exd4 4. Nxd4 Nf6 5. Nc3 Bb4 6. Nxc6 bxc6 7. Bd3 0-0 8. 0-0 Re8 9. Re1 d5 10. exd5 Rxe1+ 11. Qxe1 cxd5 12. Bg5 Bb7 13. a3 Ba5 14. b4 Bb6 15. Rd1 h6 16. Bh4 Qd6 17. Bxf6 Qxf6 18. Na4 Qc6 19. b5 Qd6 20. Ra1 Bd4 21. c3 Be5 22. h3 Re8 23. Qd2 Bf4 24. Qc2 c5 25. Rd1 Qe7 26. Nb2 c4 27. Bh7+ Kh8 28. g3 Bd6 29. a4 d4 30. Nxc4 g6 31. Bxg6 fxg6 32. Qxg6 Qe1+ 33. Rxe1 Rxe1+ 34. Kh2 Rh1# 0-1

[Event "CRO-chT U16 Girls"]
[Site "Nasice"]
[Date "2017.12.29"]
[Round "4"]
[White "Vidovic, Petra"]
[Black "Koksa, Jelena"]
[Result "1/2-1/2"]
[WhiteElo "1408"]
[BlackElo "1514"]
[PlyCount "88"]
[EventDate "2017.12.27"]
[EventType "team-tourn"]
[EventRounds "5"]
[EventCountry "CRO"]
[SourceTitle "EXT 2019"]
[Source "ChessBase"]
[SourceDate "2018.10.10"]
[SourceVersion "1"]
[SourceVersionDate "2018.10.10"]
[SourceQuality "1"]

1. e4 e5 2. Nf3 Nc6 3. d4 exd4 4. Bc4 Bc5 5. c3 d6 6. cxd4 Bb6 7. Ng5 Nh6 8. Nf3 Qf6 9. Bg5 Qg6 10. Nc3 Bg4 11. Bxh6 Qxh6 12. Bb5 0-0 13. Bxc6 bxc6 14. d5 cxd5 15. Nxd5 Rfe8 16. Qd3 Bf5 17. Nd2 Qh4 18. 0-0 Bxe4 19. Qc4 Qg4 20. Nxe4 Qxe4 21. Qc6 Rac8 22. h3 Re5 23. Qd7 Rf8 24. Nxb6 cxb6 25. Qxd6 Rg5 26. Qh2 Qe5 27. Qxe5 Rxe5 28. Rfe1 Rfe8 29. Rxe5 Rxe5 30. Rd1 g6 31. Kf1 Kf8 32. Rd7 Re7 33. Rxe7 Kxe7 34. Ke2 Ke6 35. Ke3 Ke5 36. Kd3 Kd5 37. Kc3 a5 38. Kd3 b5 39. a3 f5 40. f4 h5 41. h4 Kc5 42. b3 b4 43. a4 Kd5 44. Ke3 Kc5 1/2-1/2

[Event "CRO-ch U13 Girls"]
[Site "Trogir"]
[Date "2017.06.19"]
[Round "5"]
[White "Bevanda, Ema"]
[Black "Vidovic, Petra"]
[Result "1-0"]
[WhiteElo "1592"]
[BlackElo "1465"]
[PlyCount "119"]
[EventDate "2017.06.17"]
[EventType "swiss"]
[EventRounds "9"]
[EventCountry "CRO"]
[SourceTitle "CBM 179 Extra"]
[Source "ChessBase"]
[SourceDate "2017.08.23"]
[SourceVersion "1"]
[SourceVersionDate "2017.08.23"]
[SourceQuality "1"]

1. d4 d5 2. c4 e6 3. Nc3 Nf6 4. Nf3 c6 5. Qc2 dxc4 6. e4 h6 7. Bxc4 Be7 8. Bf4 Nbd7 9. 0-0 0-0 10. Rad1 Nb6 11. Bb3 Nh7 12. Rfe1 Bg5 13. Nxg5 Nxg5 14. Qd3 Kh8 15. Bc2 f5 16. Qg3 Nh7 17. Bb3 g5 18. Be5+ Nf6 19. Bc2 Kh7 20. exf5 exf5 21. Re2 Nbd5 22. Rde1 Nh5 23. Qf3 g4 24. Qxg4 Qg5 25. Qxg5 hxg5 26. Nxd5 cxd5 27. Re3 a5 28. Bd6 Rd8 29. Be7 Re8 30. Bxg5 Rxe3 31. Rxe3 Ra6 32. Re8 Rc6 33. Rxc8 Rxc8 34. Bxf5+ Kg7 35. Bxc8 b5 36. Bd2 b4 37. a3 bxa3 38. bxa3 Kf6 39. Bxa5 Nf4 40. Kf1 Ke7 41. g3 Ng6 42. Ke2 Kd6 43. Bf5 Nh8 44. Bb4+ Kc6 45. a4 Nf7 46. h4 Nh6 47. Bg6 Ng8 48. Be8+ Kc7 49. Bf7 Nf6 50. h5 Kd7 51. a5 Kc8 52. h6 Kb7 53. Be7 Nd7 54. Bxd5+ Kb8 55. h7 Ka7 56. h8Q Nb8 57. Bc5+ Ka6 58. Qxb8 Kxa5 59. Qb6+ Ka4 60. Qb4# 1-0